Gaming Quiz

Random Gaming or Pokémon Quiz

Pokemon Gen 2 Quiz Stats

 Plays Quiz not verified by Sporcle

Also try: Quick Dice Picking
Challenge
Share
Tweet
Embed
Score 0/100 Timer 11:00
0 Plays Today
Dex Number Pokemon % Correct
152Chikorita
90.7%
153Bayleef
90.1%
155Cyndaquil
88.9%
156Quilava
88.9%
154Meganium
87%
157Typhlosion
87%
158Totodile
87%
159Croconaw
82.7%
160Feraligatr
82.7%
250Ho-Oh
82.1%
249Lugia
81.5%
244Entei
79.6%
163Hoothoot
78.4%
245Suicune
78.4%
164Noctowl
77.8%
243Raikou
77.8%
161Sentret
75.3%
162Furret
74.1%
248Tyranitar
74.1%
172Pichu
72.8%
208Steelix
72.8%
239Elekid
72.8%
240Magby
72.8%
247Pupitar
72.8%
251Celebi
72.8%
246Larvitar
72.2%
212Scizor
69.8%
196Espeon
67.9%
197Umbreon
67.9%
174Igglybuff
67.3%
173Cleffa
66.7%
169Crobat
66%
181Ampharos
65.4%
238Smoochum
64.2%
Dex Number Pokemon % Correct
179Mareep
63.6%
167Spinarak
63%
228Houndour
62.3%
229Houndoom
62.3%
165Ledyba
61.1%
168Ariados
61.1%
166Ledian
60.5%
175Togepi
59.9%
241Miltank
59.9%
176Togetic
59.3%
180Flaaffy
58.6%
230Kingdra
58.6%
237Hitmontop
58.6%
198Murkrow
55.6%
187Hoppip
54.3%
189Jumpluff
53.7%
242Blissey
53.1%
185Sudowoodo
52.5%
188Skiploom
52.5%
199Slowking
52.5%
214Heracross
52.5%
204Pineco
51.9%
236Tyrogue
51.9%
227Skarmory
51.2%
177Natu
50%
178Xatu
50%
183Marill
50%
184Azumarill
50%
201Unown
50%
218Slugma
50%
232Donphan
50%
200Misdreavus
49.4%
215Sneasel
49.4%
220Swinub
48.8%
Dex Number Pokemon % Correct
231Phanpy
48.8%
191Sunkern
48.1%
217Ursaring
48.1%
219Magcargo
48.1%
194Wooper
47.5%
205Forretress
47.5%
221Piloswine
47.5%
233Porygon2
47.5%
192Sunflora
46.9%
190Aipom
46.9%
171Lanturn
46.3%
186Politoed
46.3%
195Quagsire
46.3%
226Mantine
45.7%
170Chinchou
45.1%
182Bellossom
44.4%
216Teddiursa
44.4%
223Remoraid
44.4%
209Snubbull
42.6%
210Granbull
42.6%
206Dunsparce
42%
207Gligar
42%
222Corsola
42%
193Yanma
41.4%
225Delibird
41.4%
202Wobbuffet
40.1%
224Octillery
40.1%
234Stantler
40.1%
211Qwilfish
37.7%
203Girafarig
37%
235Smeargle
37%
213Shuckle
35.8%

You're not logged in!

Compare scores with friends on all Sporcle quizzes.
Join for Free
OR
Log In

You Might Also Like...

Show Comments

Extras

Top Quizzes Today


Score Distribution

Your Account Isn't Verified!

In order to create a playlist on Sporcle, you need to verify the email address you used during registration. Go to your Sporcle Settings to finish the process.

Report this User

Report this user for behavior that violates our Community Guidelines.

Details: